Intrinsic measures on complex manifolds and holomorphic mappings

Saved in:
Bibliographic Details
Main Author: Eisenman, Donald Alfred
Format: Book
Language:English
Published: Providence : American Mathematical Society, 1970
Series:Memoirs of the American Mathematical Society ; ; 96
Subjects:
Tags: Add Tag
No Tags, Be the first to tag this record!

MARC

LEADER 00000nam a2200000 i 4500
001 1/45772
008 941103s1970 eng d
020 |a 0-8218-1296-3 
035 |a 1993  |l 10042626 
040 |a GR-MY-UA  |b gre  |e aacr 
041 0 |a eng 
082 0 |a 515.9 
100 1 |a Eisenman, Donald Alfred. 
245 1 0 |a Intrinsic measures on complex manifolds and holomorphic mappings /  |c by Donald A. Eisenman 
260 |a Providence :   |b American Mathematical Society,   |c 1970 
300 |a 80 p.;  |c 26 cm. 
490 1 |a Memoirs of the American Mathematical Society  |v ; 96 
500 |a Bibliography: p. 79-80 
650 0 0 |a Holomorphic mappings. 
650 0 0 |a Complex manifolds. 
830 0 |a Memoirs of the American Mathematical Society ;  |v ; 96 
852 |a INST  |b SAMOS  |e 19941103  |h 515.9 EIS  |p 005300002673  |q 005300002673  |t BK  |y 0 
909 |a Σ  |b 030562